| 000 | 00680nmm a2200265 a 4500 | ||
|---|---|---|---|
| 003 | AR-BaBNM | ||
| 005 | 20251128211248.0 | ||
| 008 | 033020s1995 ||||||||||||||000 | spa|| | ||
| 020 | _a950-15-1520-6 | ||
| 040 | _cAR-BaBNM | ||
| 245 | 1 | 0 | _aEl libro de las virtudes |
| 260 |
_aBuenos Aires _bJavier Vergara Editor _c1995 |
||
| 300 | _a625 p. | ||
| 650 | 4 | _aESCRITORES | |
| 650 | 4 | _aANTOLOGIAS | |
| 650 | 4 | _aLITERATURA CONTEMPORANEA | |
| 650 | 4 | _aFILOSOFIA LITERARIA | |
| 650 | 4 | _aETICA | |
| 650 | 4 | _aEDUCACION MORAL | |
| 655 | _aLITERATURA | ||
| 700 | 1 |
_aBennett, William J. _ecompilador |
|
| 700 | 1 |
_aGardini, Carlos _etraductor |
|
| 942 | _cBK | ||
| 998 | _cmartin | ||
| 999 |
_c18903 _d18903 |
||